Sociology of Indian society / (Record no. 64870)

MARC details
000 -LEADER
fixed length control field 00445nam a22001577a 4500
005 - DATE AND TIME OF LATEST TRANSACTION
control field 20150319125257.0
020 ## - INTERNATIONAL STANDARD BOOK NUMBER
International Standard Book Number 8121924030
Terms of availability 300.00
035 ## - SYSTEM CONTROL NUMBER
System control number B-285063
035 ## - SYSTEM CONTROL NUMBER
System control number B-589616-641
037 ## - SOURCE OF ACQUISITION
Stock number DPL
Source of stock number/acquisition ENG
100 ## - MAIN ENTRY--PERSONAL NAME
Personal name Rao, C.N. Shankar
245 ## - TITLE STATEMENT
Title Sociology of Indian society /
Statement of responsibility, etc by C.N. Shankar Rao
260 ## - PUBLICATION, DISTRIBUTION, ETC. (IMPRINT)
Place of publication, distribution, etc New Delhi
Name of publisher, distributor, etc S. Chand and Company
Date of publication, distribution, etc 2004
300 ## - PHYSICAL DESCRIPTION
Extent xiv, 689p.
Dimensions 24 cms.
942 ## - ADDED ENTRY ELEMENTS (KOHA)
Source of classification or shelving scheme Dewey Decimal Classification
Item type English Books
Classification part 301
Call number suffix RAO
Holdings
Withdrawn status Lost status Not for loan Collection code Home library Current library Date acquired Cost, normal purchase price Full call number Barcode Cost, replacement price Koha item type
      Non-fiction Sarojini Nagar Sarojini Nagar 11/04/2012 300.00 301 RAO B-285063 300.00 English Books

© Delhi Public Library
Hit Counter
free hit counter